000 00234nam a2200097Ia 4500
008 190216s9999||||xx |||||||||||||| ||und||
100 _aSabadit
245 0 _aHindi-Mahakavi Kumaranasan
260 _bSaraswathi Press
942 _cBK
999 _c17846
_d17846